Southville International School and Colleges
Your cart is empty.
  • Cart
  • Lists
    Public lists Eva Luna New books Lux_list list_1
    Your lists Log in to create your own lists
  • Log in to your account
  • Your cookies
  • Search history
Southville International School and Colleges
  • Advanced search
  • Recent comments
  • Most popular
  • Libraries

Log in to your account

Log in with GOOGLE


If you do not have an external account, but do have a local account, you can still log in:

  1. Home
  2. MARC view: Sing down the moon /
Normal view MARC view ISBD view

Sing down the moon / (Record no. 11495)

[ view plain ]
MARC details
000 -LEADER
fixed length control field 00782cam a2200277 4500
001 - CONTROL NUMBER
control field 4075827
003 - CONTROL NUMBER IDENTIFIER
control field OSt
005 - DATE AND TIME OF LATEST TRANSACTION
control field 20140310182257.0
008 - FIXED-LENGTH DATA ELEMENTS--GENERAL INFORMATION
fixed length control field 701019s1970 mau j 000 1 eng
010 ## - LIBRARY OF CONGRESS CONTROL NUMBER
LC control number 71098513
020 ## - INTERNATIONAL STANDARD BOOK NUMBER
International Standard Book Number 0440979757
040 ## - CATALOGING SOURCE
Original cataloging agency DLC
Transcribing agency DLC
Modifying agency DLC
042 ## - AUTHENTICATION CODE
Authentication code lcac
050 00 - LIBRARY OF CONGRESS CALL NUMBER
Classification number PZ 7
Item number .Od237 1970
082 00 - DEWEY DECIMAL CLASSIFICATION NUMBER
Classification number FIC
Item number Od2s 1970
100 1# - MAIN ENTRY--PERSONAL NAME
Personal name O'Dell, Scott,
Dates associated with a name 1898-1989.
9 (RLIN) 20408
245 10 - TITLE STATEMENT
Title Sing down the moon /
Statement of responsibility, etc Scott O'dell.
260 ## - PUBLICATION, DISTRIBUTION, ETC. (IMPRINT)
Place of publication, distribution, etc Boston :
Name of publisher, distributor, etc Houghton Mifflin,
Date of publication, distribution, etc c1970.
300 ## - PHYSICAL DESCRIPTION
Extent 137 p. :
Dimensions 18 cm.
350 ## - PRICE (NR) (BK AM CF MU VM SE) [OBSOLETE]
Price 3.75
650 #1 - SUBJECT ADDED ENTRY--TOPICAL TERM
Topical term or geographic name as entry element Navajo Indians
General subdivision Fiction.
9 (RLIN) 20409
650 #1 - SUBJECT ADDED ENTRY--TOPICAL TERM
Topical term or geographic name as entry element Indians of North America
Geographic subdivision Southwest, New
General subdivision Fiction.
9 (RLIN) 20410
906 ## - LOCAL DATA ELEMENT F, LDF (RLIN)
a 7
b cbc
c orignew
d 2
e ncip
f 19
g y-gencatlg
942 ## - ADDED ENTRY ELEMENTS (KOHA)
Source of classification or shelving scheme Library of Congress Classification
Koha item type
Holdings
Withdrawn status Lost status Source of classification or shelving scheme Damaged status Home library Current library Shelving location Date acquired Total Checkouts Full call number Barcode Date last seen Copy number Price effective from Koha item type
    Library of Congress Classification   Luxembourg Library Luxembourg Library Fiction Section 09/17/2013   PZ 7 .Od237 1970 4082 09/17/2013 1 09/17/2013 Books

Sing down the moon /

APA

O'Dell S., . (1970). Sing down the moon. Boston: Houghton Mifflin.

Chicago

O'Dell Scott, . 1970. Sing down the moon. Boston: Houghton Mifflin.

Harvard

O'Dell S., . (1970). Sing down the moon. Boston: Houghton Mifflin.

MLA

O'Dell Scott, . Sing down the moon. Boston: Houghton Mifflin. 1970.

  • Place hold
  • Print
  • Cite
  • Add to your cart (remove)
  • Save record
    BIBTEX Dublin Core MARCXML MARC (non-Unicode/MARC-8) MARC (Unicode/UTF-8) MARC (Unicode/UTF-8, Standard) MODS (XML) RIS
  • More searches
    Search for this title in:
    Other Libraries (WorldCat) Other Databases (Google Scholar) Online Stores (Bookfinder.com) Open Library (openlibrary.org)

Exporting to Dublin Core...

SOUTHVILLE LIBRARY

Southville International School and Colleges Library

1281 Tropical Ave. Cor. Luxembourg St., BF Homes International, Las Pinas City

Tel. No. 8256374 / 252358 Loc. 117/146

Powered by Koha